[Event "Pilsen Region-chT 2223"]
[Site "Czech Republic"]
[Date "2022.12.11"]
[Round "5.6"]
[White "Boucek, Vlastimil"]
[Black "Altman, Pavel"]
[Result "0-1"]
[WhiteElo "1724"]
[BlackElo "1743"]
[PlyCount "90"]
[EventDate "2022.10.09"]
[EventType "team-tourn"]
[EventRounds "11"]
[EventCountry "CZE"]
[SourceTitle "EXT 2024"]
[Source "ChessBase"]
[SourceDate "2023.10.10"]
[SourceVersion "1"]
[SourceVersionDate "2023.10.10"]
[SourceQuality "1"]
[WhiteTeam "Klatovy II"]
[BlackTeam "Plzen Kosutka"]
[WhiteTeamCountry "CZE"]
[BlackTeamCountry "CZE"]

1. e4 c5 2. Nf3 Nc6 3. d4 cxd4 4. Nxd4 g6 5. Nxc6 bxc6 6. c3 Nf6 7. Qc2 Bg7 8. Be2 0-0 9. Be3 d6 10. h3 Bb7 11. Nd2 Qc7 12. 0-0 c5 13. c4 Nd7 14. g4 Ne5 15. Rab1 Nc6 16. a3 Nd4 17. Bxd4 Bxd4 18. Nf3 Bg7 19. Nh4 Bf6 20. Ng2 Bd4 21. Kh1 a5 22. Bd3 e6 23. Qd2 d5 24. cxd5 exd5 25. exd5 Bxd5 26. Bb5 Rab8 27. a4 Rfd8 28. Qe2 Rd6 29. Qc2 Rf6 30. Qd2 Rf3 31. Qh6 Rxf2 32. Rxf2 Bxf2 33. Qd2 Bxg2+ 34. Kxg2 Qg3+ 35. Kf1 Qg1+ 36. Ke2 Qxb1 37. Kxf2 Qe4 38. Kg3 Qe5+ 39. Kg2 Qc7 40. Qe2 Rd8 41. Qe3 Rd4 42. Kf3 Kg7 43. b3 Qd6 44. Kg2 Rd2+ 45. Kf3 Qh2 0-1

[Event "Klatovy op-B 24th"]
[Site "Klatovy"]
[Date "2018.07.08"]
[Round "9"]
[White "Koci, Milos"]
[Black "Boucek, Vlastimil"]
[Result "1/2-1/2"]
[WhiteElo "1345"]
[BlackElo "1715"]
[PlyCount "37"]
[EventDate "2018.06.30"]
[EventType "swiss"]
[EventRounds "9"]
[EventCountry "CZE"]
[SourceTitle "EXT 2019"]
[Source "ChessBase"]
[SourceDate "2018.10.10"]
[SourceVersion "1"]
[SourceVersionDate "2018.10.10"]
[SourceQuality "1"]

1. d4 d5 2. Bf4 Bf5 3. Nf3 Nf6 4. e3 e6 5. Nbd2 Bd6 6. Be2 Bxf4 7. exf4 h6 8. 0-0 0-0 9. Ne5 Nbd7 10. Ndf3 c5 11. c3 Rc8 12. Bd3 Ne4 13. Re1 c4 14. Nxd7 Qxd7 15. Bc2 Qd6 16. Qc1 Qd8 17. Nd2 Nxd2 18. Qxd2 Bxc2 19. Qxc2 1/2-1/2

[Event "Klatovy op-B 23rd"]
[Site "Klatovy"]
[Date "2017.07.04"]
[Round "4"]
[White "Kovarova, Oxana"]
[Black "Boucek, Vlastimil"]
[Result "0-1"]
[WhiteElo "1740"]
[BlackElo "1677"]
[PlyCount "86"]
[EventDate "2017.07.01"]
[EventType "swiss"]
[EventRounds "9"]
[EventCountry "CZE"]
[SourceTitle "EXT 2018"]
[Source "ChessBase"]
[SourceDate "2017.10.13"]
[SourceVersion "1"]
[SourceVersionDate "2017.10.13"]
[SourceQuality "1"]

1. e4 e5 2. Nf3 d6 3. d4 Nd7 4. Bd3 Be7 5. b3 exd4 6. Nxd4 Ne5 7. Bb2 Nxd3+ 8. Qxd3 Bf6 9. Nc3 Ne7 10. 0-0 0-0 11. f4 Nc6 12. Nxc6 bxc6 13. Rae1 g6 14. Nd1 Bxb2 15. Nxb2 d5 16. e5 Bf5 17. Qd2 Qe7 18. Nd1 Rab8 19. Ne3 Qc5 20. Kh1 Be4 21. c3 Qe7 22. Ng4 Kg7 23. Nf6 Bf5 24. Qf2 h5 25. Qh4 Qd8 26. Rd1 Rh8 27. Qf2 Rb6 28. c4 Be6 29. Qg3 Qc8 30. cxd5 cxd5 31. Nxd5 Bxd5 32. Rxd5 Qa6 33. Rfd1 Qxa2 34. f5 Rxb3 35. f6+ Kh7 36. Qg5 Rb1 37. R5d2 Qa1 38. h3 Rxd1+ 39. Rxd1 Qxd1+ 40. Kh2 Qe2 41. Qf4 Re8 42. Qa4 Qxe5+ 43. Kh1 Rd8 0-1

[Event "Ricany op"]
[Site "Ricany"]
[Date "2012.08.29"]
[Round "5"]
[White "Marikova, Jana"]
[Black "Boucek, Vlastimil"]
[Result "1-0"]
[WhiteElo "1887"]
[BlackElo "2008"]
[PlyCount "81"]
[EventDate "2012.08.26"]
[EventType "swiss"]
[EventRounds "9"]
[EventCountry "CZE"]
[SourceTitle "CBM 150 Extra"]
[Source "ChessBase"]
[SourceDate "2012.10.19"]
[SourceVersion "1"]
[SourceVersionDate "2012.10.19"]
[SourceQuality "1"]

1. d4 d5 2. c4 Nf6 3. cxd5 Nxd5 4. e4 Nf6 5. Nc3 e6 6. Nf3 Be7 7. Be2 0-0 8. 0-0 c6 9. Bg5 Nfd7 10. Bxe7 Qxe7 11. Qc2 Rd8 12. Rad1 Nf8 13. d5 e5 14. Rd2 Bg4 15. Rfd1 Bxf3 16. Bxf3 Re8 17. Qb3 Na6 18. Be2 Nc5 19. Qa3 cxd5 20. exd5 b6 21. Bb5 Red8 22. Ne4 Ng6 23. d6 Qe6 24. Nxc5 bxc5 25. Qxc5 Nf4 26. d7 g5 27. Bc6 Rab8 28. Rd6 Qf5 29. b3 Rb6 30. f3 Ne6 31. Qa5 Qc2 32. Be4 Qc7 33. Qxe5 Rxd7 34. Bxh7+ Kxh7 35. Qf5+ Kg7 36. Rxd7 Qc5+ 37. Qxc5 Nxc5 38. Rxa7 Ne6 39. Rdd7 Nf4 40. Rxf7+ Kg6 41. Rg7+ 1-0

[Event "Prague Holiday K31"]
[Site "Prague"]
[Date "2012.08.01"]
[Round "6"]
[White "Boucek, Vlastimil"]
[Black "Vitek, Jan"]
[Result "1-0"]
[WhiteElo "2008"]
[BlackElo "1970"]
[PlyCount "51"]
[EventDate "2012.07.29"]
[EventType "tourn"]
[EventRounds "9"]
[EventCountry "CZE"]
[SourceTitle "EXT 2023"]
[Source "ChessBase"]
[SourceDate "2022.10.05"]
[SourceVersion "1"]
[SourceVersionDate "2022.10.05"]
[SourceQuality "1"]

1. e4 e6 2. d3 d5 3. Qe2 Be7 4. c3 c5 5. g3 Nf6 6. f3 e5 7. Nh3 Nc6 8. Nf2 d4 9. Qc2 b5 10. a3 a5 11. Be2 Bb7 12. 0-0 b4 13. cxb4 axb4 14. Nd2 Na5 15. a4 Bc8 16. b3 Be6 17. Nc4 Nxc4 18. dxc4 Nd7 19. f4 exf4 20. gxf4 f6 21. Bf3 Ra6 22. Kh1 g5 23. Nd3 h5 24. e5 g4 25. Bd5 Bf5 26. Qe2 1-0

[Event "Prague Holiday K22"]
[Site "Prague"]
[Date "2012.07.24"]
[Round "4"]
[White "Wolf, Ulrich"]
[Black "Boucek, Vlastimil"]
[Result "1-0"]
[WhiteElo "2056"]
[BlackElo "2008"]
[PlyCount "141"]
[EventDate "2012.07.22"]
[EventType "tourn"]
[EventRounds "9"]
[EventCountry "CZE"]
[SourceTitle "EXT 2023"]
[Source "ChessBase"]
[SourceDate "2022.10.05"]
[SourceVersion "1"]
[SourceVersionDate "2022.10.05"]
[SourceQuality "1"]

1. Nf3 d6 2. e4 e5 3. d4 Nd7 4. Bc4 Qe7 5. Nc3 c6 6. a4 g6 7. 0-0 f6 8. Be3 Nh6 9. h3 Nf7 10. Qd2 Bg7 11. Rad1 0-0 12. Bb3 Kh8 13. dxe5 dxe5 14. Qe2 b6 15. Rd2 Nb8 16. Rfd1 Be6 17. Bc4 h6 18. a5 b5 19. Bxe6 Qxe6 20. Bc5 Rg8 21. Qe3 f5 22. Bxa7 f4 23. Qb6 Qc8 24. Ne2 Bf6 25. Bxb8 Rxb8 26. Qc5 b4 27. Rd7 Rb5 28. Qa7 Rg7 29. Rxf7 Rb7 30. Qxb7 Qxb7 31. Rxb7 Rxb7 32. Rd6 Kg7 33. Rxc6 Rb5 34. Rb6 Rxa5 35. Rxb4 g5 36. g4 Be7 37. Rb7 Kf6 38. Nc3 Bc5 39. Kg2 Bd4 40. Nd5+ Ke6 41. c3 Ba7 42. Re7+ Kd6 43. Nxe5 Ra2 44. Nd3 Ra1 45. Rh7 Kc6 46. Rxh6+ Kb5 47. N5b4 Kc4 48. e5 Bb8 49. e6 Bd6 50. Rg6 Ra5 51. Rg7 Ra8 52. Rxg5 Rh8 53. Rh5 Rf8 54. Rd5 Be7 55. Rd7 Bg5 56. Ne5+ Kb3 57. h4 Bf6 58. Ng6 Re8 59. e7 Kxb2 60. Nd5 Bxe7 61. Rxe7 Rd8 62. Ngxf4 Kb3 63. g5 Rh8 64. h5 Kc4 65. g6 Kc5 66. g7 Rc8 67. h6 Kd6 68. h7 Rxc3 69. Nxc3 Kxe7 70. g8Q Kd6 71. Qe6+ 1-0

[Event "Prague Holiday K22"]
[Site "Prague"]
[Date "2012.07.22"]
[Round "1"]
[White "Boucek, Vlastimil"]
[Black "Cisarik, Pavol"]
[Result "0-1"]
[WhiteElo "2008"]
[BlackElo "1728"]
[PlyCount "66"]
[EventDate "2012.07.22"]
[EventType "tourn"]
[EventRounds "9"]
[EventCountry "CZE"]
[SourceTitle "EXT 2023"]
[Source "ChessBase"]
[SourceDate "2022.10.05"]
[SourceVersion "1"]
[SourceVersionDate "2022.10.05"]
[SourceQuality "1"]

1. e4 e5 2. f4 exf4 3. Nf3 d5 4. exd5 Nf6 5. Bb5+ Bd7 6. Bc4 Bd6 7. d4 Qe7+ 8. Kf1 0-0 9. Nc3 Bg4 10. Qd3 Re8 11. Bd2 Nbd7 12. Re1 Qf8 13. Ne2 Nb6 14. Nxf4 Rxe1+ 15. Nxe1 Bxf4 16. Bxf4 Nbxd5 17. Bd2 Re8 18. Nf3 Nb6 19. Bb3 Bxf3 20. gxf3 Qd6 21. c4 c5 22. d5 Nbd7 23. Qf5 Re5 24. Qf4 Nh5 25. Qh4 Qg6 26. Qf2 Qd3+ 27. Kg2 Re2 28. Rd1 Rxf2+ 29. Kxf2 Ne5 30. Be3 Qf5 31. Bxc5 Qxf3+ 32. Ke1 Nf4 33. Rd2 Ned3+ 0-1

[Event "Ricany op-A"]
[Site "Ricany"]
[Date "2011.08.27"]
[Round "9"]
[White "Kohout, Vratislav"]
[Black "Boucek, Vlastimil"]
[Result "1-0"]
[WhiteElo "2153"]
[BlackElo "1984"]
[PlyCount "50"]
[EventDate "2011.08.20"]
[EventType "swiss"]
[EventRounds "9"]
[EventCountry "CZE"]
[SourceTitle "CBM 144 Extra"]
[Source "ChessBase"]
[SourceDate "2011.10.28"]
[SourceVersion "1"]
[SourceVersionDate "2011.10.28"]
[SourceQuality "1"]

1. d4 e6 2. c4 h6 3. Nc3 Nf6 4. e4 d6 5. Be3 c6 6. Be2 Nbd7 7. h3 Qa5 8. Qd2 e5 9. Nf3 Be7 10. 0-0 Qc7 11. Rad1 a5 12. Nh2 g5 13. Rfe1 Nf8 14. h4 gxh4 15. f4 h3 16. fxe5 dxe5 17. d5 Bb4 18. d6 Qd7 19. Nf3 Ng6 20. a3 Bxc3 21. Qxc3 Nxe4 22. Qc2 Ng5 23. Bd3 Qxd6 24. c5 Qe6 25. Bxg5 hxg5 1-0

[Event "Ricany op-A"]
[Site "Ricany"]
[Date "2011.08.23"]
[Round "5"]
[White "Boucek, Vlastimil"]
[Black "Rihova, Kamila"]
[Result "1-0"]
[WhiteElo "1984"]
[BlackElo "1631"]
[PlyCount "43"]
[EventDate "2011.08.20"]
[EventType "swiss"]
[EventRounds "9"]
[EventCountry "CZE"]
[SourceTitle "CBM 144 Extra"]
[Source "ChessBase"]
[SourceDate "2011.10.28"]
[SourceVersion "1"]
[SourceVersionDate "2011.10.28"]
[SourceQuality "1"]

1. e4 e5 2. Nc3 Bc5 3. g3 d6 4. Bg2 Ne7 5. Nge2 Nbc6 6. Na4 0-0 7. d3 Bb6 8. Nxb6 axb6 9. Nc3 f5 10. Bg5 Qe8 11. Nb5 Qd7 12. exf5 Nxf5 13. c3 Qf7 14. 0-0 Be6 15. b3 Rxa2 16. Rxa2 Bxb3 17. Rc2 Qg6 18. Be3 Nxe3 19. fxe3 Rxf1+ 20. Qxf1 h6 21. Rf2 Qg5 22. Rf8+ 1-0

[Event "Ricany op"]
[Site "Ricany"]
[Date "2009.08.28"]
[Round "8"]
[White "Zvara, David"]
[Black "Boucek, Vlastimil"]
[Result "1-0"]
[WhiteElo "1830"]
[BlackElo "2032"]
[PlyCount "87"]
[EventDate "2009.08.22"]
[EventType "swiss"]
[EventRounds "9"]
[EventCountry "CZE"]
[SourceTitle "CBM 131 Extra"]
[Source "ChessBase"]
[SourceDate "2009.09.03"]
[SourceVersion "2"]
[SourceVersionDate "2009.09.16"]
[SourceQuality "1"]

1. e4 Nf6 2. Nc3 e6 3. d4 d5 4. exd5 exd5 5. Bg5 Be7 6. Nf3 0-0 7. Be2 c6 8. 0-0 Ne8 9. Bxe7 Qxe7 10. Re1 Nd6 11. Bd3 Qf6 12. Qd2 h6 13. Ne5 Bf5 14. Ne2 Bxd3 15. Qxd3 Re8 16. Ng3 Re6 17. Ng4 Qe7 18. Rxe6 Qxe6 19. Ne5 Nd7 20. Nxd7 Qxd7 21. Re1 g6 22. f3 Rc8 23. c3 Kg7 24. b3 Nb5 25. Qe3 Rc7 26. h4 h5 27. Nxh5+ gxh5 28. Qg5+ Kh7 29. Qxh5+ Kg7 30. Qg5+ Kh7 31. a4 Qd6 32. axb5 cxb5 33. h5 Rc6 34. Re7 Qf6 35. Qxf6 Rxf6 36. Rxb7 a6 37. Rc7 Kh6 38. Rc5 Rd6 39. g4 Kg5 40. Kf2 Kf4 41. Rc7 f6 42. h6 Kg5 43. h7 Rd8 44. Rg7+ 1-0

[Event "Ricany op"]
[Site "Ricany"]
[Date "2009.08.27"]
[Round "7"]
[White "Boucek, Vlastimil"]
[Black "Adamik, Frantisek"]
[Result "1-0"]
[WhiteElo "2032"]
[BlackElo "1882"]
[PlyCount "67"]
[EventDate "2009.08.22"]
[EventType "swiss"]
[EventRounds "9"]
[EventCountry "CZE"]
[SourceTitle "CBM 131 Extra"]
[Source "ChessBase"]
[SourceDate "2009.09.03"]
[SourceVersion "2"]
[SourceVersionDate "2009.09.16"]
[SourceQuality "1"]

1. e4 c5 2. Nc3 e5 3. g3 d6 4. Bg2 Nc6 5. Nge2 f5 6. d3 g5 7. exf5 Bxf5 8. 0-0 h5 9. f4 exf4 10. gxf4 g4 11. Ng3 Nge7 12. Re1 Qd7 13. Nd5 0-0-0 14. Nf6 Qc7 15. Nfxh5 Nd4 16. c3 Nf3+ 17. Bxf3 gxf3 18. Qxf3 Bd7 19. f5 Bc6 20. Qf2 Bh6 21. Bxh6 Rxh6 22. Re6 Rh7 23. Rae1 Rdh8 24. Qf4 Bd5 25. R6e2 Ng8 26. Re8+ Kd7 27. f6 Kc6 28. c4 Bf7 29. R8e7 Qc8 30. Qf3+ Kb6 31. Ng7 Nxe7 32. Rxe7 Bg6 33. d4 cxd4 34. Qb3+ 1-0

[Event "Ricany op"]
[Site "Ricany"]
[Date "2009.08.24"]
[Round "4"]
[White "Groh, Jiri"]
[Black "Boucek, Vlastimil"]
[Result "1/2-1/2"]
[WhiteElo "2113"]
[BlackElo "2032"]
[PlyCount "44"]
[EventDate "2009.08.22"]
[EventType "swiss"]
[EventRounds "9"]
[EventCountry "CZE"]
[SourceTitle "CBM 131 Extra"]
[Source "ChessBase"]
[SourceDate "2009.09.03"]
[SourceVersion "2"]
[SourceVersionDate "2009.09.16"]
[SourceQuality "1"]

1. c4 e5 2. g3 Nc6 3. Bg2 g6 4. Nc3 Bg7 5. d3 d6 6. Nf3 h6 7. Rb1 Be6 8. b4 Qd7 9. b5 Nd8 10. 0-0 Bh3 11. d4 Bxg2 12. Kxg2 exd4 13. Nxd4 Ne7 14. e4 0-0 15. Be3 Ne6 16. Nd5 Kh7 17. f4 Nc5 18. Qf3 Nc8 19. f5 Be5 20. Nb3 c6 21. Nxc5 dxc5 22. Qg4 g5 1/2-1/2

[Event "Ricany op"]
[Site "Ricany"]
[Date "2009.08.23"]
[Round "2"]
[White "Krejci, Martin"]
[Black "Boucek, Vlastimil"]
[Result "0-1"]
[WhiteElo "1837"]
[BlackElo "2032"]
[PlyCount "88"]
[EventDate "2009.08.22"]
[EventType "swiss"]
[EventRounds "9"]
[EventCountry "CZE"]
[SourceTitle "CBM 131 Extra"]
[Source "ChessBase"]
[SourceDate "2009.09.03"]
[SourceVersion "2"]
[SourceVersionDate "2009.09.16"]
[SourceQuality "1"]

1. e4 Nf6 2. e5 Nd5 3. d4 d6 4. c4 Nb6 5. exd6 cxd6 6. Nc3 Bf5 7. Be3 e6 8. b3 Be7 9. Nf3 0-0 10. Be2 d5 11. c5 Nc8 12. b4 Nc6 13. a3 Bf6 14. Rc1 Bg4 15. h3 Bh5 16. 0-0 h6 17. Re1 N8e7 18. Qd2 Nf5 19. g4 Nxe3 20. Qxe3 Bg6 21. Bd3 Bxd3 22. Qxd3 a6 23. Na4 Qc7 24. Rcd1 Ne7 25. Nc3 Rfe8 26. Ne2 Ng6 27. Qb3 Qc8 28. Kg2 Bd8 29. Qa4 Bc7 30. Qb3 Qd8 31. Ng3 Rc8 32. a4 b6 33. Rc1 Rb8 34. cxb6 Rxb6 35. a5 Rb5 36. Rc5 Qb8 37. Rb1 Bd6 38. Rxb5 Qxb5 39. Qc3 Rb8 40. Ne5 Nxe5 41. dxe5 Bxb4 42. Qd4 Qxa5 43. Qb2 Qb6 44. Ne2 a5 0-1

[Event "Prague Czechoslovak Cup"]
[Site "Prague"]
[Date "2008.09.20"]
[Round "5"]
[White "Boucek, Vlastimil"]
[Black "Petrova, Kristyna"]
[Result "1-0"]
[WhiteElo "2017"]
[BlackElo "2135"]
[PlyCount "71"]
[EventDate "2008.09.20"]
[EventType "swiss (rapid)"]
[EventRounds "7"]
[EventCountry "CZE"]
[SourceTitle "CBM 126 Extra"]
[Source "ChessBase"]
[SourceDate "2008.11.05"]
[SourceVersion "1"]
[SourceVersionDate "2008.11.05"]
[SourceQuality "1"]

1. e4 c5 2. Nc3 Nc6 3. g3 g6 4. Bg2 Bg7 5. d3 d6 6. Be3 e6 7. Qd2 Rb8 8. Nge2 b5 9. 0-0 Nd4 10. h3 Ne7 11. Kh2 Nec6 12. Ng1 b4 13. Nd1 Ba6 14. c3 Nb5 15. Bh6 Qf6 16. Bxg7 Qxg7 17. Rc1 bxc3 18. bxc3 Nc7 19. f4 e5 20. Ne3 f6 21. Ng4 h5 22. Ne3 0-0 23. Rfd1 Qe7 24. Nd5 Qg7 25. Nf3 Nxd5 26. exd5 Ne7 27. c4 Nf5 28. fxe5 dxe5 29. Qa5 Bb7 30. Qxc5 a6 31. Rb1 Rfc8 32. Qf2 Qe7 33. Nd2 Nd4 34. Re1 Re8 35. Rb6 Kg7 36. Reb1 1-0

[Event "Prague Czechoslovak Cup"]
[Site "Prague"]
[Date "2008.09.20"]
[Round "7"]
[White "Haspl, Miroslav"]
[Black "Boucek, Vlastimil"]
[Result "1-0"]
[WhiteElo "2075"]
[BlackElo "2017"]
[PlyCount "97"]
[EventDate "2008.09.20"]
[EventType "swiss (rapid)"]
[EventRounds "7"]
[EventCountry "CZE"]
[SourceTitle "CBM 126 Extra"]
[Source "ChessBase"]
[SourceDate "2008.11.05"]
[SourceVersion "1"]
[SourceVersionDate "2008.11.05"]
[SourceQuality "1"]

1. Nf3 d6 2. d4 c6 3. c4 Nd7 4. e4 e5 5. d5 f6 6. Nc3 Qc7 7. Nh4 g6 8. f4 Bh6 9. f5 Bxc1 10. Rxc1 Nf8 11. Be2 Qe7 12. Qd2 c5 13. b4 cxb4 14. Nd1 a5 15. c5 Bd7 16. c6 Bc8 17. Bb5 Kf7 18. Ne3 Kg7 19. cxb7 Bxb7 20. fxg6 hxg6 21. Nef5+ gxf5 22. Nxf5+ Kf7 23. Nxe7 Nxe7 24. Rc7 Bc8 25. 0-0 Nfg6 26. g3 Bh3 27. Rfc1 Rhg8 28. Bd7 Nf4 29. Bxh3 Nxh3+ 30. Kg2 Nf4+ 31. Kf3 Nfg6 32. h4 Rh8 33. h5 Rxh5 34. Rd7 f5 35. exf5 Rxf5+ 36. Kg2 Ra6 37. Rc6 Ra8 38. Rdxd6 e4 39. Ra6 Rg8 40. Rxg6 Nxg6 41. Ra7+ Kf6 42. Qd4+ Re5 43. Ra6+ Kf5 44. Kf1 Rge8 45. d6 e3 46. d7 e2+ 47. Ke1 Rd8 48. Rxg6 Rxd7 49. Qg4# 1-0

[Event "Ricany op-A"]
[Site "Ricany"]
[Date "2008.08.29"]
[Round "8"]
[White "Horyna, Josef"]
[Black "Boucek, Vlastimil"]
[Result "0-1"]
[WhiteElo "1941"]
[BlackElo "2017"]
[PlyCount "86"]
[EventDate "2008.08.23"]
[EventType "swiss"]
[EventRounds "9"]
[EventCountry "CZE"]
[SourceTitle "CBM 126 Extra"]
[Source "ChessBase"]
[SourceDate "2008.11.05"]
[SourceVersion "1"]
[SourceVersionDate "2008.11.05"]
[SourceQuality "1"]

1. e4 Nf6 2. Nc3 e6 3. Nf3 d5 4. exd5 exd5 5. d4 h6 6. h3 Bd6 7. Bd3 0-0 8. 0-0 c6 9. Re1 Be6 10. Be3 Re8 11. a3 b6 12. Qd2 a6 13. Rad1 c5 14. Bf4 c4 15. Bf1 b5 16. Bxd6 Qxd6 17. Ne2 Nc6 18. Qf4 Qf8 19. c3 a5 20. Ne5 Ne7 21. Ng3 Reb8 22. Qd2 Rb6 23. f4 Qc8 24. Qf2 Nf5 25. Nxf5 Bxf5 26. g4 Be4 27. Re3 Ne8 28. f5 Nd6 29. Ra1 Qd8 30. h4 Rc8 31. Rh3 b4 32. axb4 axb4 33. Ra7 Rc7 34. Rxc7 Qxc7 35. f6 bxc3 36. bxc3 Rb1 37. fxg7 Kxg7 38. g5 Qe7 39. Re3 Qe6 40. gxh6+ Kh7 41. Kh2 Qf5 42. Qg3 Kxh6 43. Bg2 Rb2 0-1